01053nem a2200301 4500001001100000003000800011006001900019007001500038008004100053034000600094040002100100035002100121050002300142050002500165052000900190245003600199246006100235255001800296260003200314300003000346533015200376651001900528651001300547655002900560710002000589710001700609856012500626ebr5008930CaPaEBRm u cr cn|||||||||101210s1999 xx s a s 0 eng d0 aa aCaPaEBRcCaPaEBR a(OCoLC)70452360614aG7100 1999b.U37eb14aDK508.12bU37 1999eb a710000aUkraineh[electronic resource].3 iTitle from title screen:aPolitical map, Europe, Ukraine aScale varies. a[S.l.] :bMaps.com,cc1999. a1 online resource (1 map) aElectronic reproduction.bPalo Alto, Calif. :cebrary,d2011.nAvailable via World Wide Web.nAccess may be limited to ebrary affiliated libraries. 0aUkrainevMaps. 0aUkraine. 7aElectronic books.2local2 aMaps.com (Firm)2 aebrary, Inc.40uhttp://site.ebrary.com/lib/rucke/Doc?id=5008930zAn electronic book accessible through the World Wide Web; click to view